Predsudky vo vnímaní žiakov stredných škôl a tvorba protipredsudkovej klímy
Guardado en:
| Autor principal: | |
|---|---|
| Otros Autores: | |
| Formato: | Manuscrito Libro |
| Publicado: |
STU v Bratislave MTF UIPH KIPP,
2010
|
| Etiquetas: |
Sin Etiquetas, Sea el primero en etiquetar este registro!
|
MARC
| LEADER | 00000ntm a22000003a 4500 | ||
|---|---|---|---|
| 001 | stu221003 | ||
| 005 | 20160719160423.3 | ||
| 008 | 110208s2010----------------------------d | ||
| 040 | |a STU |b slo | ||
| 041 | 0 | ||
| 100 | 1 | |a Korbašová, Michaela |4 aut | |
| 245 | 1 | |a Predsudky vo vnímaní žiakov stredných škôl a tvorba protipredsudkovej klímy | |
| 260 | |b STU v Bratislave MTF UIPH KIPP, |c 2010 | ||
| 300 | |a 51 s | ||
| 700 | 1 | |a Chmelárová, Zuzana, |d 1967- |4 xxx |u M220 |U MTF Ústav inžinierskej pedagogiky a humatitných vied |T MTF Katedra inžinierskej pedagogiky a psychológie |X 231 |U M220 |Y M220 |7 A000000231 | |
| 996 | |c M*ZP-597 |l MMSKP |s P |a 0 |w stu221003_0001 | ||